KOHA-Header-6

National and Regional Tourism Planning (Record no. 8232)

000 -LEADER
fixed length control field 00272nam a2200109Ia 4500
100 ## - MAIN ENTRY--AUTHOR NAME
Personal name Thomson
245 #0 - TITLE STATEMENT
Title National and Regional Tourism Planning
260 ## - PUBLICATION, DISTRIBUTION, ETC. (IMPRINT)
Place of publication England
Name of publisher Prentice Hall
Year of publication 1998
300 ## - PHYSICAL DESCRIPTION
Number of Pages 215
942 ## - ADDED ENTRY ELEMENTS (KOHA)
Koha item type Books
Holdings
Withdrawn status Lost status Collection code Permanent Location Current Location Shelving location Date acquired Full call number Accession Number Koha item type
    Business MAJU MAJU   2019-09-13 813.54 2805 Business

Powered by Koha